Groups, rings and fields (Record no. 1457)

MARC details
000 -LEADER
fixed length control field 00483 a2200169 4500
001 - CONTROL NUMBER
control field 067580
003 - CONTROL NUMBER IDENTIFIER
control field OSt
005 - DATE AND TIME OF LATEST TRANSACTION
control field 20211216152106.0
008 - FIXED-LENGTH DATA ELEMENTS--GENERAL INFORMATION
fixed length control field
082 ## - DEWEY DECIMAL CLASSIFICATION NUMBER
Classification number 512.02
Item number W15G
100 1# - MAIN ENTRY--PERSONAL NAME
Personal name Wallace, D.A.R.
245 1# - TITLE STATEMENT
Title Groups, rings and fields
Statement of responsibility, etc by D.A.R. Wallace
260 ## - PUBLICATION, DISTRIBUTION, ETC. (IMPRINT)
Place of publication, distribution, etc New York
Name of publisher, distributor, etc Springer
Date of publication, distribution, etc 2009
300 ## - PHYSICAL DESCRIPTION
Extent 248p.
653 ## - INDEX TERM--UNCONTROLLED
Uncontrolled term Algebra, Abstract; Mathematics; Algebra
-- Rings (Algebra); Algebraic fields; Group theory
942 ## - ADDED ENTRY ELEMENTS (KOHA)
Source of classification or shelving scheme Dewey Decimal Classification
Koha item type Books
Holdings
Withdrawn status Lost status Source of classification or shelving scheme Damaged status Not for loan Collection code Home library Current library Date acquired Source of acquisition Cost, normal purchase price Full call number Barcode Date last seen Price effective from Koha item type
    Dewey Decimal Classification     General Text Book Central University Of Rajasthan Central University Of Rajasthan 07/03/2012 MTH 590.00 512.02 W15G 1866 21/11/2024 02/09/2020 Books